Normal view
MARC view
Entry Corporate Name
001 - CONTROL NUMBER
- control field: 31658
003 - CONTROL NUMBER IDENTIFIER
- control field: OSt
005 - DATE AND TIME OF LATEST TRANSACTION
- control field: 20211105135447.0
008 - FIXED-LENGTH DATA ELEMENTS
- fixed length control field: 211105|| aca||aabn | a|a d
040 ## - CATALOGING SOURCE
- Original cataloging agency: OSt
- Transcribing agency: OSt
110 ## - HEADING--CORPORATE NAME
- Corporate name or jurisdiction name as entry element: Publication of the Astronomical Society of Japan
670 ## - SOURCE DATA FOUND
- Source citation: Work cat.: (OSt): Publication of the Astronomical Society of Japan, Results from Japanese x-ray astronomy satellites, 1989